Избранная проза; Опыты в прозе; Из записных книжек; Письма
| Autor principal: | |
|---|---|
| Otros Autores: | , |
| Lenguaje: | ruso |
| Publicado: |
Москва, Советская Россия, 1987
|
| TOC: | Опыты в прозе; Из записных книжек; Письма; |
| Materias: | |
| Formato: | MixedMaterials Libro |
| KOHA link: | https://koha.lib.tpu.ru/cgi-bin/koha/opac-detail.pl?biblionumber=112125 |
MARC
| LEADER | 00000nam0a2200000 4500 | ||
|---|---|---|---|
| 001 | 112125 | ||
| 005 | 20231101215036.0 | ||
| 020 | |a RU |b 88-20020 | ||
| 035 | |a (RuTPU)RU\TPU\book\121226 | ||
| 090 | |a 112125 | ||
| 100 | |a 20070323d1987 m y0rusy5003 ca | ||
| 101 | 0 | |a rus | |
| 102 | |a RU | ||
| 105 | |a a z 001ab | ||
| 200 | 1 | |a Избранная проза |f К. Н. Батюшков |g сост. П. Г. Паламарчук; худож. П. С. Сацкий | |
| 210 | |a Москва |d 1987 |c Советская Россия | ||
| 215 | |a 524, [1] с. |c ил. | ||
| 320 | |a Примечания: с. 469-521. | ||
| 464 | |t Опыты в прозе | ||
| 464 | |t Из записных книжек | ||
| 464 | |t Письма |o разделы | ||
| 600 | 1 | |a Батюшков |b К. Н. |c русский поэт |f 1787-1855 |g Константин Николаевич |2 stltpush |3 (RuTPU)RU\TPU\pers\4943 |9 1049 | |
| 606 | 1 | |a Русская литература, дореволюционная |2 stltpush |3 (RuTPU)RU\TPU\subj\26371 |9 50314 | |
| 610 | 1 | |a художественная литература | |
| 610 | 1 | |a проза | |
| 610 | 1 | |a 18 век | |
| 610 | 1 | |a 19 век | |
| 675 | |a Р1 |v 3 | ||
| 700 | 1 | |a Батюшков |b К. Н. |c русский поэт |f 1787-1855 |g Константин Николаевич |2 stltpush |3 (RuTPU)RU\TPU\pers\4943 |9 1049 | |
| 702 | 1 | |a Паламарчук |b П. Г. |4 220 | |
| 702 | 1 | |a Сацкий |b П. С. |4 440 | |
| 801 | 0 | |a RU |b RuMRKP |c 19950417 |g psbo | |
| 801 | 1 | |a RU |b 63413507 |c 20070323 |g PSBO | |
| 801 | 2 | |a RU |b 63413507 |c 20220131 |g PSBO | |
| 942 | |c BK | ||